| 000 | 00735cab a2200289 4500 | ||
|---|---|---|---|
| 001 | ABS48583 | ||
| 008 | 090401t1993 xxu||||| |||| 00| 0 eng d | ||
| 035 | _a(Sirsi) u67448 | ||
| 041 | _aeng | ||
| 245 | _aCentrefolio: West Midlands | ||
| 260 | _c1993 | ||
| 350 | _a0 | ||
| 490 |
_aCSW - The Property Week _v43(7) 13 May 1993, 35-71(13) |
||
| 650 | _aBIRMINGHAM | ||
| 650 | _aBLACK COUNTRY | ||
| 650 | _aCOVENTRY | ||
| 650 | _aINDUSTRIAL PROPERTY | ||
| 650 | _aOCCUPIER PROFILES | ||
| 650 | _aOFFICE | ||
| 650 | _aRETAIL PROPERTY | ||
| 650 | _aSOLIHULL | ||
| 650 | _aWALSALL | ||
| 650 | _aWEST MIDLANDS | ||
| 690 | _aPROPERTY-COMMERCIAL PROPERTY-COMMERCIAL PROPERTY MARKET | ||
| 942 | _n0 | ||
| 948 | _c04/03/1997 | ||
| 999 |
_c42205 _d42205 |
||